Normal view
MARC view
- Mishal Muneer
Entry Personal Name
001 - CONTROL NUMBER
- control field: 90705
003 - CONTROL NUMBER IDENTIFIER
- control field: NUST
005 - DATE AND TIME OF LATEST TRANSACTION
- control field: 20220325145845.0
008 - FIXED-LENGTH DATA ELEMENTS
- fixed length control field: 220325|| aca||aabn | a|a d
040 ## - CATALOGING SOURCE
- Original cataloging agency: NUST
- Transcribing agency: NUST
100 ## - HEADING--PERSONAL NAME
- Personal name: Mishal Muneer
670 ## - SOURCE DATA FOUND
- Source citation: Work cat.: (NUST): Mishal Muneer, TH-SOF-1975-Automatic Generation of Class Diagram from Natural Language Requirements Using Natural Language Processing, 2022.
